000 00446nam a2200157Ia 4500
005 20250329114834.0
008 231217s9999 xx 000 0 und d
020 _a9788178815756
082 _a658.8342 RAD1;1 R
100 _aRadhakrishna, G ed.
245 0 _aConsumer behavior : effective measurement tools
260 _c2005
_bICFAI Press
_aHyderabad
300 _aix, 215
650 _aConsumer,behavior,measurement,tools
942 _cAA
999 _c189087
_d189087